Die Sprachinseln Schönwald und Wilamowitz im Lichte wissenschaftsgeschichtlicher Tendenzen innerhalb der Sprachinselforschung

Titel: Die Sprachinseln Schönwald und Wilamowitz im Lichte wissenschaftsgeschichtlicher Tendenzen innerhalb der Sprachinselforschung
Verfasser:
In: Corpora und Canones, (2013), Seite 265-274
alle Artikel anzeigen
Veröffentlicht: 2013
Format: Aufsatz
Sprache: Deutsch
Kein Bild verfügbar
X
alg: 39279184
001A    $01999:11-11-16 
001B    $01999:21-05-21 $t16:56:08.000 
001D    $01999:11-11-16 
001U    $0utf8 
001X    $00 
002@    $0Aox 
003@    $0392791846 
007A    $0392791846 $aHEB 
007T    $0Herdc0100740m 
010@    $ager 
011@    $a2013 
021A    $aDie @Sprachinseln Schönwald und Wilamowitz im Lichte wissenschaftsgeschichtlicher Tendenzen innerhalb der Sprachinselforschung 
028A    $#Lasatowicz, Maria K. $7121115534 $8Lasatowicz, Maria Katarzyna$Z1951- [Tp1] $9152564454 
031A    $h265-274 $j2013 
039B    $aIn $8--Aax--. Corpora und Canones. - Berlin : Trafo, 2013. - 425 S.. - Ill., graph. Darst.. - ISBN 978-3-86464-024-7 $x201300000000000735 $9326785221 
045F    $a417.709438 $eDDC23BSB 
045F/01 $a417.7 
045F/03 $g438 
045F/03 $g4385 

lok: 39279184 78

exp: 39279184 78 1 #EPN
201B/01 $004-06-19 $t22:39:02.000 
201U/01 $0utf8 
203@/01 $0788902016 
208@/01 $a11-11-16 $be 
209A/01 $a/ $f000 $x00 
220C/01 $aTitelaufnehmer: pg 
220C/01 $aHerkunft: HI Marburg 
244Z/01 $2Trx $#Silesia $#Śląsk $#Sliezsko $#Slezsko $8--Trx--Schlesien $x01 $9391173987 
244Z/01 $2Trx $#Poola $#Lenkija $#Polija $#Polen Land $#Poland $#Lengyelország $#Poľsko $#Polsko $8--Trx--Polska$gkraj $x02 $9391345966 
244Z/01 $#Wilmesau $74119110-9 $8--Tg1--Wilamowice $x03 $9085374083 
244Z/01 $#Bojków $#Schönwald Gleiwitz $#Schönwald Gliwice $#Szywołd $#Schewaude $#Šẹwaldẹ $#Gliwice-Bojków $#Gleiwitz-Schönwald $74226271-9 $8--Tg1--Schönwald$gTost-Gleiwitz $x04 $9086177834 
244Z/01 $2Trx $#vähemused, rahvuslikud $#tautinės mažumos $#minorities, national $#kisebbségek, nemzeti $#mniejszości narodowe $#menšiny národnostné $#menšiny národnostní $#Minderheiten, sprachliche $#menšiny, jazykové $8--Trx--Minderheiten, nationale $x05 $9391373978 
244Z/01 $2Trx $#sakslased $#vokiečiai $#Germans $#németek $#Niemcy narodowość $#Nemci $#Němci $8--Trx--Deutsche $x06 $9391356801 
244Z/01 $2Trx $#keel, saksa $#kalba, vokiečių $#Language, German $#nyelv, német $#język niemiecki $#jazyk nemecký $#jazyk německý $8--Trx--Sprache, deutsche $x07 $9391359223 
244Z/01 $2Trx $#keeleteadus $#kalbotyra $#Linguistics $#nyelvtudomány $#językoznawstwo $#jazykoveda $#jazykověda $#Linguistik $#lingvistika $8--Trx--Sprachwissenschaft $x08 $939137124X 
244Z/01 $2Trx $8--Trx--Einzelbeiträge $x09 $9391384570 
245Z/01 $a11.07 $x01 
247C/01 $82080>Marburg/Lahn, Herder-Institut, Forschungsbibliothek, Bibliographieportal $9336309341
LEADER 00000caa a22000002c 4500
001 392791846
003 DE-603
005 20210521165608.0
007 tu
008 161111s2013 xx |||| | u00||u|ger c
035 |a (DE-599)HEB392791846 
040 |a DE-603  |b ger  |c DE-603  |d DE-603 
041 |a ger 
082 0 4 |8 1\u  |a 417.709438  |q DE-101  |2 23/BSB 
085 |8 1\u  |b 417.7 
085 |8 1\u  |z 2  |s 438 
085 |8 1\u  |z 2  |s 4385 
100 1 |a Lasatowicz, Maria Katarzyna  |d 1951-  |0 (DE-603)152564454  |0 (DE-588)121115534  |2 gnd 
245 0 0 |a ˜Dieœ Sprachinseln Schönwald und Wilamowitz im Lichte wissenschaftsgeschichtlicher Tendenzen innerhalb der Sprachinselforschung 
264 0 |c 2013 
773 0 8 |i In  |t Corpora und Canones  |d Berlin : Trafo, 2013  |h 425 S., Ill., graph. Darst.  |z 9783864640247  |g (2013), Seite 265-274  |w (DE-603)326785221 
924 0 |9 2080  |a (DE-603)788902016  |b DE-2080  |c HES  |d d  |g /